| 000 | 00581nam a2200217Ia 4500 | ||
|---|---|---|---|
| 003 | OSt | ||
| 005 | 20230410151753.0 | ||
| 008 | 210423s1995 xx 000 0 und d | ||
| 020 | _a0-521-09510-7 | ||
| 040 | _cAL | ||
| 041 | _aeng | ||
| 082 |
_a410 _223 _bLYOI |
||
| 100 |
_aLYONS (John) _985555 |
||
| 245 | _aIntroduction to theoretical linguistics | ||
| 260 |
_aCambridge _bCambridge University Press _c1995 |
||
| 300 |
_axiii,519 _bPB |
||
| 365 |
_b5565.41 _cGBP |
||
| 650 |
_aLinguistics _985556 |
||
| 906 | _aIntroduction ; linguistics ; theoretical | ||
| 942 |
_2ddc _cBK |
||
| 999 |
_c169572 _d169572 |
||